Statistics for 14 Famous Immigrants Who Helped Shape America

Click here to take the quiz!

General Stats

  • This quiz has been taken 36 times
  • The average score is 5 of 14

Answer Stats

Answer% Correct
Albert Einstein
100%
Arnold Schwarzenegger
88%
Levi Strauss
85%
Madeleine Albright
48%
Arianna Huffington
33%
Dikembe Mutombo
30%
Sergey Brin
30%
Joseph Pulitzer
27%
Freddy Adu
24%
Oscar de la Renta
24%
Isabel Allende
21%
Mariano Rivera
18%
Steve Chen/Jawed Karim
9%
Jan Koum
6%

Score Distribution

Percentile by Number Answered

Percent of People with Each Score

Your Score History

You have not taken this quiz